Mesto chystá obnovu pomníka sovietskym vojakom na pamätníku sa podpísal zub času, mestská doprava, ale aj chýbajúca odborná starostlivosť

Bibliographic Details
Main Author: Kocsisová, Edina (Author)
Format: Article
Language:Slovak
PhysicalDescription:Fotogr.
ISSN:1339-7605
Subjects:
Online Access:http://www.kosicednes.sk/mesto-chysta-obnovu-pomnika-sovietskym-vojakom/

MARC

LEADER 00000nab a2200000 a 4500
001 vtls010689685
003 SK-MaSNL
005 20260303085929.0
008 150701|20150611xo z||p 000 0 slo
038 |a KEVKJB 
040 |a KEVKJB  |b slo  |c KEVKJB  |e AACR2 
041 0 |a slo 
044 |a xo  |c SK 
080 |a 725.945  |2 2001 
100 1 |a Kocsisová, Edina  |4 aut  |9 1089725 
245 1 0 |a Mesto chystá obnovu pomníka sovietskym vojakom  |b na pamätníku sa podpísal zub času, mestská doprava, ale aj chýbajúca odborná starostlivosť  |c Edina Kocsisová 
300 |b Fotogr. 
650 0 7 |a Pamätník padlým vojakom Sovietskej armády (Košice, Slovensko)  |2 kevkjb  |9 30297 
650 0 7 |a pamätníky  |z Košice (Slovensko)  |2 kevkjb  |9 878889 
651 7 |a Košice (Slovensko)  |2 kevkjb  |9 18694 
651 7 |a Námestie osloboditeľov (Košice, Slovensko)  |2 kevkjb  |9 29665 
773 0 |t košice:dnes  |g Roč. 2, č. 110 (11.6.2015), s. 4  |x 1339-7605 
852 |a KEVKJB  |b KIS3GCP 
856 4 1 |u http://www.kosicednes.sk/mesto-chysta-obnovu-pomnika-sovietskym-vojakom/ 
999 |c 1801190  |d 1803120